US States with the Most People Bordering Them - Statistics

General Stats
  • This quiz has been taken 48 times
  • The average score is 8 of 10
Answer Stats
Population # Borders State % Correct
53,541,184 5 Arizona
86%
50,143,586 6 Oklahoma
86%
55,948,509 5 Nevada
84%
50,352,065 5 Georgia
80%
50,629,295 5 New Mexico
80%
49,653,120 6 Pennsylvania
80%
51,931,933 4 Oregon
77%
54,859,198 7 Kentucky
70%
52,045,725 8 Tennessee
70%
54,808,966 6 Arkansas
68%
No matching quizzes found
Score Distribution
Percent of People with Each Score
Percentile by Number Answered
Your Score History
You have not taken this quiz